| 000 | 00516nam a22001695i 4500 | ||
|---|---|---|---|
| 001 | 169667 | ||
| 003 | ES-MaACL | ||
| 005 | 20230906214147.0 | ||
| 008 | 081030s1963 fre |||| | fra d | ||
| 080 | _a929 Marañón, Gregorio | ||
| 245 | 0 | 0 | _aHommage a Gregorio Marañón. |
| 260 |
_aParis : _bNouvelles Editions Latines, _c[1963] |
||
| 300 |
_a155 p., [4] h. de lám. ; _c23 cm. |
||
| 600 | 1 | 4 |
_aMarañón, Gregorio, _d1887-1960- _vHomenajes _976313 |
| 852 | 4 |
_aES-MaACL _jG-14111 |
|
| 999 |
_c169667 _d169667 |
||